| 000 | 00424 a2200157 4500 | ||
|---|---|---|---|
| 005 | 20250613115107.0 | ||
| 020 | _a0-256-24640-8 | ||
| 082 | _a658.15ROS | ||
| 100 | _aROSS. S. A. | ||
| 245 | _aCorporate Finance. | ||
| 250 | _a15th Ed. | ||
| 260 |
_aNew York, _bROSS. S. A, _c1993. |
||
| 300 |
_axxiv, 886p ill, figure & Table _bAppendix, Glossary & Index _c26cm |
||
| 700 | _aWESTERFIELD. R. W & JAFFE. J. | ||
| 942 |
_2ddc _cBKS |
||
| 999 |
_c3987 _d3987 |
||